Buy a house without getting cheated

Bibliographic Details
Corporate Author: Persatuan Pengguna-Pengguna Pulau Pinang
Format: Book
Published: Penang Consumers' Association of Penang 1986
Subjects:

MARC

LEADER 00000cam a2200000 7i4500
001 0000000292
008 021118s1986
020 |a 9679950190 
090 0 0 |a TH4817.5  |b .B88 
245 0 0 |a Buy a house without getting cheated 
260 2 |a Penang  |b Consumers' Association of Penang  |c 1986 
300 |a 67 p.  |c 22 cm 
650 0 |a House buying  |z Malaysia 
710 1 1 |a Persatuan Pengguna-Pengguna Pulau Pinang 
999 |a 1000035617  |b Book  |c OPEN SHELF (30 DAYS)  |e Gong Badak Campus